Radiačná chromológia

Salvato in:
Dettagli Bibliografici
Autore principale: Chrapan, Ján (Autore)
Natura: Libro
Lingua:slovacco
Pubblicazione: Bratislava : Alfa, 1974
Tags: Aggiungi Tag
Nessun Tag, puoi essere il primo ad aggiungerne!!

MARC

LEADER 00000nam a22000003a 4500
001 stu184302
005 20150617225608.0
008 090515s1974----cs------------------slo-d
040 |a STU  |b slo 
041 0 |a slo 
044 |a cs 
100 1 |a Chrapan, Ján  |4 aut 
245 1 |a Radiačná chromológia 
260 |a Bratislava :  |b Alfa,  |c 1974 
996 |b E43854  |c E*43854  |l EE10  |s P  |a 0  |w stu184302_0001